| 000 | 00504nam a2200157Ia 4500 | ||
|---|---|---|---|
| 008 | 210716s2000 xx 000 0 und d | ||
| 041 | _aeng | ||
| 082 | _a374.22 GOLD | ||
| 100 | _aGoleman, Daniel. | ||
| 245 |
_aHealing emotions: conversations with the dalai lama on mindfulness emotions and health. _bConversations with the dalai lama on mindfulness emotions and health. |
||
| 250 | _a1 | ||
| 260 |
_aBoston _c2000 |
||
| 300 | _avi,269 | ||
| 650 | _aGeneral Management | ||
| 700 | _aGoleman, Daniel. | ||
| 999 |
_c199185 _d199185 |
||